000 00338nam a22001457a 4500
008 210301b ||||| |||| 00| 0 eng d
020 _a9780397546411
041 _aeng
080 _26th
_a610.73
080 _a610.73
100 _a1
101 _aINF
245 _aTextbook of Medical-Surgical Nursing
_cBrunner, L.S
942 _2udc
_cBK
999 _c55321
_d55321